000 006550000a22001930004500
001 002760
003 MACL
005 20150716150217.0
008 150716b xxu||||| |||| 00| 0 eng d
040 _aMACL
_cMACL
041 _aEnglish
082 _a327/CHU
100 _aChattopadhyaya, D.P
_91597
245 _aHistory Of Science , Philosophy And Culture In Indian Civilization India And China: Twenty Centuries Of Civilizational Int
_bVol III Part 6
_cD.P Chattopadhyaya
260 _aNew Delhi
_c2005
_bProject Of History Of Indian Science, Philosophy And Cultuer,
350 _a2150
650 _aInternational Relation
_9915
942 _k327
_cBK
_2ddc
999 _c14669
_d14669